[Event "DEM U12 2017"]
[Site "Willingen GER"]
[Date "2017.06.05"]
[Round "4"]
[White "Farokhi, Keyvan"]
[Black "Großmann, Piet"]
[Result "1/2-1/2"]
[Termination "normal"]
[Board "21"]
[WhiteElo "1735"]
[BlackElo "1608"]
[PlyCount "100"]
[WhiteFideId "12998630"]
[BlackFideId "16234359"]
[EventCountry "GER"]
[EventRounds "11"]
[EventType "swiss"]
[EventDate "2017.06.03"]

1. c4 e6 2. Nc3 f5 3. g3 Nf6 4. Bg2 Be7 5. Nf3 O-O 6. O-O d6 7. b4 Qe8 8. d3 a6
9. Bb2 Qh5 10. b5 e5 11. Qb3 Kh8 12. Ba3 f4 13. b6 c6 14. Ne4 c5 15. Rfe1 Bh3
16. Bxh3 Qxh3 17. Neg5 Qf5 18. Qc2 h6 19. Ne4 g5 20. Nxf6 Qxf6 21. d4 fxg3 22.
fxg3 exd4 23. Qe4 Nc6 24. Rf1 Qg7 25. Bb2 Bf6 26. Qe6 Be5 27. Nxe5 dxe5 28. Qd6
Qe7 29. Qxh6+ Kg8 30. Bc1 Rxf1+ 31. Kxf1 Rf8+ 32. Kg2 g4 33. Qg6+ Qg7 34. Qe6+
Kh7 35. Ba3 Qf7 36. Qxf7+ Rxf7 37. Bxc5 e4 38. Bd6 e3 39. Rf1 Rxf1 40. Kxf1 Kg6
41. Ke1 Kf5 42. Kd1 Ke6 43. Bc5 Ke5 44. Kc2 Ke4 45. Bd6 Na5 46. c5 Nc6 47. a3
Na5 48. h4 gxh3 49. g4 Nc6 50. Bh2 Na5 1/2-1/2

[Event "DEM U12 2017"]
[Site "Willingen GER"]
[Date "2017.06.05"]
[Round "4"]
[White "Gluma, Christian"]
[Black "Neuber, Pascal"]
[Result "0-1"]
[Termination "normal"]
[Board "22"]
[WhiteElo "1691"]
[BlackElo "1632"]
[PlyCount "98"]
[WhiteFideId "16223209"]
[BlackFideId "16227611"]
[EventCountry "GER"]
[EventRounds "11"]
[EventType "swiss"]
[EventDate "2017.06.03"]

1. e4 c5 2. Nf3 e6 3. d4 cxd4 4. Nxd4 Nf6 5. Nc3 Nc6 6. Be3 Bb4 7. Bd3 d5 8.
Nxc6 bxc6 9. e5 Nd7 10. Qg4 Bf8 11. f4 g6 12. Bf2 Bg7 13. h4 h5 14. Qg3 Qe7 15.
Qf3 Bh6 16. a3 Rg8 17. g4 Qf8 18. gxh5 gxh5 19. Ne2 Rg4 20. Be3 f5 21. O-O-O c5
22. Rdg1 Rb8 23. Ng3 Qf7 24. Nf1 d4 25. Bd2 Bb7 26. Qh3 Bxh1 27. Rxg4 hxg4 28.
Qxh1 Rc8 29. Ba6 Rb8 30. Qc6 Kd8 31. Kb1 Qe7 32. Ba5+ Nb6 33. Bc4 Qd7 34. Qxc5
Qc7 35. Qxd4+ Ke7 36. Bb4+ Kf7 37. Bd3 Rd8 38. Bd6 Qc6 39. Ka2 Bg7 40. Qb4 Nd5
41. Qb3 Nxf4 42. Bxf5 Rd7 43. Bxg4 Rb7 44. Qg3 Qc4+ 45. Kb1 Qxf1+ 46. Ka2 Qc4+
47. Kb1 Qd4 48. b3 Rd7 49. Qf3 Rxd6 0-1

[Event "DEM U12 2017"]
[Site "Willingen GER"]
[Date "2017.06.05"]
[Round "4"]
[White "Rashba, David"]
[Black "Haufe, Laurin"]
[Result "1/2-1/2"]
[Termination "normal"]
[Board "23"]
[WhiteElo "1508"]
[BlackElo "1665"]
[PlyCount "84"]
[WhiteFideId "16205499"]
[BlackFideId "12976504"]
[EventCountry "GER"]
[EventRounds "11"]
[EventType "swiss"]
[EventDate "2017.06.03"]

1. d4 Nf6 2. Bf4 c5 3. c3 e6 4. e3 Nc6 5. Nf3 d5 6. Nbd2 Bd6 7. Bxd6 Qxd6 8.
Be2 O-O 9. O-O b6 10. h3 Bb7 11. Rc1 Rac8 12. Qa4 Rfd8 13. Rfe1 a6 14. Bf1 cxd4
15. exd4 b5 16. Qb3 Na5 17. Qd1 Nc4 18. Nxc4 dxc4 19. a3 Nd7 20. Ne5 Nxe5 21.
Rxe5 Rd7 22. Qe1 Qc6 23. Rc2 Rd5 24. Rce2 Rcd8 25. Rxd5 Rxd5 26. Re5 Kf8 27.
Qe4 g6 28. Rxd5 Qxd5 29. Qxd5 Bxd5 30. f3 Ke7 31. Be2 Kf6 32. Bd1 Kf5 33. Bc2+
Kg5 34. Kf2 Kh4 35. Bb1 h5 36. Bc2 Kg5 37. Bb1 Kf6 38. Bc2 e5 39. Ke3 Ke6 40.
dxe5 Kxe5 41. Bb1 Be6 42. Be4 Bd5 1/2-1/2

[Event "DEM U12 2017"]
[Site "Willingen GER"]
[Date "2017.06.05"]
[Round "4"]
[White "Marschall, Tillmann"]
[Black "Reindl, Jork"]
[Result "1-0"]
[Termination "normal"]
[Board "24"]
[WhiteElo "1613"]
[BlackElo "1461"]
[PlyCount "57"]
[WhiteFideId "12973220"]
[BlackFideId "16200152"]
[EventCountry "GER"]
[EventRounds "11"]
[EventType "swiss"]
[EventDate "2017.06.03"]

1. e4 e6 2. d4 d5 3. Nc3 Bb4 4. e5 c5 5. a3 Bxc3+ 6. bxc3 Nc6 7. Qg4 g6 8. Ne2
cxd4 9. cxd4 Nge7 10. Bg5 Qa5+ 11. c3 Nf5 12. Bf6 Rg8 13. Kd2 Qc7 14. Ng3 Nce7
15. Nxf5 Nxf5 16. Bd3 a6 17. a4 Bd7 18. Rhb1 Rc8 19. Rb3 Qa5 20. Rb4 b5 21. Qd1
bxa4 22. Ra3 Qc7 23. Qb1 Ne7 24. Bxa6 Ra8 25. Bb5 Bxb5 26. Rxb5 Nc6 27. Rb7 Qc8
28. Qb6 Rb8 29. Rc7 1-0

[Event "DEM U12 2017"]
[Site "Willingen GER"]
[Date "2017.06.05"]
[Round "4"]
[White "von Krosigk, Florian"]
[Black "Wildermuth, Nikolas Karl"]
[Result "1-0"]
[Termination "normal"]
[Board "25"]
[WhiteElo "1627"]
[BlackElo "1422"]
[PlyCount "113"]
[WhiteFideId "16227808"]
[BlackFideId "16244699"]
[EventCountry "GER"]
[EventRounds "11"]
[EventType "swiss"]
[EventDate "2017.06.03"]

1. e4 c5 2. Nc3 Nc6 3. f4 g6 4. Nf3 Bg7 5. Bb5 Nd4 6. Nxd4 cxd4 7. Ne2 a6 8.
Bc4 e6 9. e5 b5 10. Bb3 Bb7 11. O-O Qb6 12. d3 Ne7 13. Ng3 h5 14. Ne4 Nf5 15.
Bd2 a5 16. a3 Rc8 17. Rc1 Ke7 18. Qe1 Ra8 19. Kh1 Rhd8 20. Ng3 Nh4 21. Ne4 Nf5
22. Ng3 Nh4 23. Ne4 Nf5 24. c3 dxc3 25. Bxc3 Bxe4 26. dxe4 Ne3 27. Rf3 Nc4 28.
Bxc4 bxc4 29. Rd1 Qb5 30. Rf2 Ra6 31. Rfd2 Ke8 32. Qh4 Qc5 33. Rd6 Rxd6 34.
exd6 Bf8 35. e5 Rb8 36. Qe1 Ra8 37. Qe2 Qc6 38. Rd4 Qb5 39. Qxc4 Qxc4 40. Rxc4
Bh6 41. g3 a4 42. Kg2 Kf8 43. Rc7 Ke8 44. Kf3 g5 45. Rc5 h4 46. Ra5 Rxa5 47.
Bxa5 Kf8 48. Bd2 hxg3 49. hxg3 gxf4 50. gxf4 Kg7 51. Ke4 Kg6 52. Bc3 Kh5 53. b4
axb3 54. a4 Kg4 55. a5 Bxf4 56. a6 Bd2 57. Bb2 1-0

[Event "DEM U12 2017"]
[Site "Willingen GER"]
[Date "2017.06.05"]
[Round "4"]
[White "Grabbel, Torben Frederik"]
[Black "Pixa, Karl"]
[Result "0-1"]
[Termination "normal"]
[Board "26"]
[WhiteElo "1411"]
[BlackElo "1496"]
[PlyCount "96"]
[WhiteFideId "16219180"]
[BlackFideId "16240480"]
[EventCountry "GER"]
[EventRounds "11"]
[EventType "swiss"]
[EventDate "2017.06.03"]

1. d4 d5 2. c4 e6 3. Nc3 Nf6 4. Bg5 Nbd7 5. Nf3 c6 6. e3 Qa5 7. a3 Ne4 8. b4
Bxb4 9. axb4 Qxb4 10. Rc1 Nxc3 11. Qd2 Na2 12. Qxb4 Nxb4 13. Rb1 a5 14. c5 a4
15. Rxb4 a3 16. Rb1 f6 17. Bf4 e5 18. Bg3 h5 19. h4 b5 20. Nd2 b4 21. Rxb4 a2
22. Nb3 a1=Q+ 23. Nxa1 Rxa1+ 24. Ke2 Ba6+ 25. Kf3 Rxf1 26. Rxf1 Bxf1 27. dxe5
Bb5 28. exf6 Nxf6 29. Be5 Rf8 30. Bxf6 Rxf6+ 31. Rf4 Rxf4+ 32. Kxf4 Kf7 33. Kg5
g6 34. g4 hxg4 35. Kxg4 Kf6 36. f4 Be2+ 37. Kg3 Kf5 38. Kf2 Bh5 39. Kg3 Ke4 40.
Kf2 Kd3 41. Kf1 Kxe3 42. Kg2 d4 43. Kf1 d3 44. Kg2 d2 45. f5 d1=Q 46. f6 Qf3+
47. Kg1 Qf2+ 48. Kh1 Bf3# 0-1

[Event "DEM U12 2017"]
[Site "Willingen GER"]
[Date "2017.06.05"]
[Round "4"]
[White "Weidenhöfer, Max"]
[Black "Tran, Minh Dat"]
[Result "1-0"]
[Termination "normal"]
[Board "27"]
[WhiteElo "1483"]
[BlackElo "1403"]
[PlyCount "79"]
[WhiteFideId "16230566"]
[BlackFideId "16244702"]
[EventCountry "GER"]
[EventRounds "11"]
[EventType "swiss"]
[EventDate "2017.06.03"]

1. e4 c5 2. Nc3 Nc6 3. Bb5 g6 4. Bxc6 bxc6 5. f4 Bg7 6. Nf3 d6 7. d3 Bg4 8. O-O
Qb6 9. Kh1 Nf6 10. Qe1 O-O 11. Qh4 Bxf3 12. Rxf3 e6 13. Rh3 Qd8 14. g4 h5 15.
g5 Nh7 16. f5 exf5 17. exf5 Be5 18. Ne4 Rb8 19. Rb1 Bd4 20. Ng3 Bf2 21. Bd2
Bxg3 22. hxg3 d5 23. g4 d4 24. Kg1 Qd5 25. f6 Qe5 26. gxh5 gxh5 27. Qxh5 Qf5
28. Qh6 Qg6 29. Kg2 Qxh6 30. Rxh6 Rfe8 31. Kf3 Re6 32. Rbh1 Nxf6 33. gxf6 Rxf6+
34. Rxf6 Kg7 35. Rfh6 Rxb2 36. Rg1+ Kf8 37. Bg5 Ke8 38. Re1+ Kf8 39. Bf6 Rxc2
40. Rh8# 1-0

[Event "DEM U12 2017"]
[Site "Willingen GER"]
[Date "2017.06.05"]
[Round "4"]
[White "Ljuca, Rijad"]
[Black "Kühn, Antoni"]
[Result "1-0"]
[Termination "normal"]
[Board "28"]
[WhiteElo "1436"]
[BlackElo "940"]
[PlyCount "49"]
[WhiteFideId "16216121"]
[BlackFideId "16244710"]
[EventCountry "GER"]
[EventRounds "11"]
[EventType "swiss"]
[EventDate "2017.06.03"]

1. d4 d5 2. c4 dxc4 3. e3 e6 4. Nc3 Nf6 5. Nf3 Nc6 6. Bd2 Be7 7. a3 O-O 8. Qc2
g6 9. h3 Bd7 10. g4 Bc8 11. Be2 b6 12. O-O-O Ba6 13. e4 Kg7 14. e5 Ne8 15. Ne4
Rb8 16. h4 Nxd4 17. Nxd4 Qxd4 18. Bh6+ Kg8 19. Rxd4 c5 20. Bxf8 Kxf8 21. Rd7
Ra8 22. Qd2 Bc8 23. Qh6+ Kg8 24. Rxe7 Bb7 25. Nf6+ 1-0